| 000 | 00709nam a2200145 a 4500 | ||
|---|---|---|---|
| 001 | 000036673 | ||
| 005 | 20200930075851.0 | ||
| 008 | 110726s1940 dr 000 0 spa d | ||
| 040 |
_aDO-SdBNP _bspa _cBNPHU |
||
| 110 | 1 |
_aRepública Dominicana _9447 |
|
| 245 | 1 | 0 | _aInforme que al honorable Congreso Nacional presenta la Cámara de Cuentas de de la República relativo a la recaudación é inversión de las rentas fiscales, municipales y del Consejo Administrativo del Distrito de Santo Domingo corespondiente al año 1939. |
| 260 |
_aCiudad Trujillo, República Dominicana : _bImp. Listin Diario, _c1940. |
||
| 300 |
_a28 + p. ; _c31 cm. |
||
| 590 | _aPerteneció a la biblioteca personal de Julio Ortega Frier. | ||
| 999 |
_c36164 _d36164 |
||